MARC

Tag First Indicator Second Indicator Subfields
LEADER 00000pam a22000004a 4500
001 in00001575421
005 20151022093735.0
008 000128s2000 coua b 001 0 eng
010 |a  00023074  
020 |a 1555878431 (pbk. : alk. paper) 
035 |a (OCoLC)ocm43403502 
040 |a DLC  |c DLC  |d C#P  |d VVC  |d TXA  |d UtOrBLW 
042 |a pcc 
043 |a cl----- 
049 |a TXAM 
050 0 0 |a HN110.5.A8  |b S6263 2000 
082 0 0 |a 361.6/1/098  |2 21 
245 0 0 |a Social development in Latin America :  |b the politics of reform /  |c edited by Joseph S. Tulchin, Allison M. Garland. 
264 1 |a Boulder :  |b L. Rienner,  |c 2000. 
300 |a vi, 272 pages :  |b illustrations ;  |c 23 cm. 
336 |a text  |b txt  |2 rdacontent 
337 |a unmediated  |b n  |2 rdamedia 
338 |a volume  |b nc  |2 rdacarrier 
490 1 |a Woodrow Wilson Center current studies on Latin America 
504 |a Includes bibliographical references (pages 243-258) and index. 
505 0 |a The politics and administration of social development in Latin America / Allison M. Garland -- The social agenda and the politics of reform in Latin America / Merilee S. Grindle -- Reforming social sector governance: a political perspective / Joan M. Nelson -- From safety nets to social sector reform: lessons from the developing countries for the transition economies / Carol Graham -- Safety nets and service delivery: what are social funds really telling us? / Judith Tendler -- Overcoming poverty in Chile / Dagmar Raczynski -- Chile: the dark side of a successful housing policy / María Elena Ducci -- What significance hath reform? the view from the Mexican barrio / Susan Eckstein -- The social consequences of political reforms: decentralization and social policy in Venezuela / Juan Carlos Navarro -- The social agenda in Argentina: a review of retirement and employment policies / Laura Golbert. 
651 0 |a Latin America  |x Social policy  |v Case studies. 
651 0 |a Latin America  |x Social conditions  |y 1982-  |v Case studies. 
651 0 |a Latin America  |x Politics and government  |y 1980-  |v Case studies. 
651 0 |a Latin America  |x Economic policy  |v Case studies. 
651 0 |a Latin America  |x Economic conditions  |y 1982-  |v Case studies. 
700 1 |a Tulchin, Joseph S.,  |d 1939- 
700 1 |a Garland, Allison M.,  |d 1965- 
830 0 |a Woodrow Wilson Center current studies on Latin America. 
994 |a E0  |b TXA 
948 |a cataloged  |b h  |c 2000/12/11  |d c  |e lmiller  |f 5:56:22 pm 
999 |a MARS 
999 f f |s 0175e77a-f8e3-3b47-9c2b-546c9cde4d57  |i 63f2aba3-7ca0-3b31-bd4d-a4400ecdd346  |t 0 
952 f f |p ric  |a Texas A&M University  |b Rellis Campus  |c Joint Library Facility  |d Remote Storage  |t 0  |e HN110.5.A8 S6263 2000  |h Library of Congress classification  |i unmediated -- volume  |m A14826996103 
998 f f |a HN110.5.A8 S6263 2000  |t 0  |l Remote Storage